1900 1089 1459 1762 1661 1658 1366 1651 1567 1863 1761 1804 1585 1628 1807 1870 1505 1596 1874 1191 1177 1454 1758 1125 1196 1747 1152 1597 1291 1534 1932 1805 1363 1400 1760 1772 1441 1479 1329 1522 1592 1482 1819 1482 1304 1207 1419 1673 1413 1019 1665 1109 1015 1303 1192 1871 1093 1529 1432 1021 1026 1973 1241 1228 1718 1828 1037 1488 1524 1397 1615 1501 1620 1620 1041 1789 1870 1513 1406 1766 1988 1507 1529 1078 1786 1770 1743 1108 1302 1415 1369 1411 1965 1350 1665 1495 1709 1678 1997 BCNSPRNW ULIB Ver.6.0+V

เปลี่ยนเป็นภาษาไทย

Change to English
 แสดงรายละเอียดบรรณานุกรม
  กลับหน้าหลัก

Brief Record : Get Marc (ISO 2709) : E-mail record : QR code < ปิดหน้าต่าง
LEADER : 00000nam 2200000uu 4500
001    13399112967
003     ULIB
008    110920s2553||||th 000 0 tha d
020    9786167375380
020    9746443704
060 00 WS330^bส162ร
100 0  สมจิตร์ จารุรัตนศิริกุล
245 10 โรคไทรอยด์ในเด็ก= Thyroid disorders in children /^cสมจิตร์ จารุรัตนศิริกุล
250     พิมพ์ครั้งที่ 2
260    สงขลา :^bชานเมืองการพิมพ์,^c2553
300    157 หน้า :^bภาพประกอบ, ตาราง
650  2 Thyroid disease
650  2 Child
650  2 Infant
710 20 มหาวิทยาลัยสงขลานครินทร์.^bคณะแพทยศาสตร์
945    ^p200^l0^i030594
945    ^p200^l0^i030595
945    ^p200^l0^i030596
945    ^p200^l0^i031378
995    เกษร
999    ^aใช้งานได้ทุกระบบ
รายการนี้ยังไม่มีแท็ก
คุณยังไม่ได้ล็อกอิน คุณสามารถมีกิจกรรมร่วมกับเว็บไซต์ได้ แต่ต้องล็อกอินก่อน ::
  ล็อกอิน

รายการสื่อสารสนเทศ

ลำดับที่ ประเภท เลขเรียก/บาร์โค้ด สถานที่ สถานะ
1. วิทยาศาสตร์การแพทย์ และสุขภาพ
หนังสือสำรอง
สถานะ=หนังสือสำรอง
WS330 ส162ร ฉ.1 
  Barcode: 030594
ห้องสมุดวิทยาเขตสวรรค์ประชารักษ์
►ส่วนจัดเก็บหนังสือเก่า สปร
บนชั้น
  ขอยืม
2. วิทยาศาสตร์การแพทย์ และสุขภาพ
วิทยาศาสตร์การแพทย์ และสุขภาพ
WS330 ส162ร ฉ.2 
  Barcode: 030595
ห้องสมุดวิทยาเขตสวรรค์ประชารักษ์
►ส่วนจัดเก็บหนังสือเก่า สปร
บนชั้น
  ขอยืม
3. วิทยาศาสตร์การแพทย์ และสุขภาพ
วิทยาศาสตร์การแพทย์ และสุขภาพ
WS330 ส162ร ฉ.3 
  Barcode: 030596
ห้องสมุดวิทยาเขตสวรรค์ประชารักษ์
►ส่วนจัดเก็บหนังสือเก่า สปร
บนชั้น
  ขอยืม
4. วิทยาศาสตร์การแพทย์ และสุขภาพ
วิทยาศาสตร์การแพทย์ และสุขภาพ
WS330 ส162ร ฉ.4 
  Barcode: 031378
ห้องสมุดวิทยาเขตสวรรค์ประชารักษ์
►ส่วนจัดเก็บหนังสือเก่า สปร
บนชั้น
  ขอยืม

รายการใกล้เคียง
    ผู้แต่ง [สมจิตร์ จารุรัตนศิริกุล]

    หัวเรื่อง [Thyroid disease]
    หัวเรื่อง [Child]
    หัวเรื่อง [Infant]

BibComment


ยังไม่เคยถูกคอมเมนท์

คอมเมนท์ทรัพยากรรายการนี้
  คอมเมนท์: โรคไทรอยด์ในเด็ก ..


 Copyright 2026. Bcnsprnw @Library